<?xml version="1.0" encoding="UTF-8"?>
<record
    xmlns:xsi="http://www.w3.org/2001/XMLSchema-instance"
    xsi:schemaLocation="http://www.loc.gov/MARC21/slim http://www.loc.gov/standards/marcxml/schema/MARC21slim.xsd"
    xmlns="http://www.loc.gov/MARC21/slim">

  <leader>02197nam0a2200385   4500</leader>
  <controlfield tag="001">RU\NLR\BIBL_A\012849978</controlfield>
  <controlfield tag="005">20221005100237.0</controlfield>
  <datafield tag="010" ind1=" " ind2=" ">
    <subfield code="a">978-5-00025-245-1</subfield>
    <subfield code="9">100</subfield>
  </datafield>
  <datafield tag="021" ind1=" " ind2=" ">
    <subfield code="a">RU</subfield>
    <subfield code="b">&#x41A;&#x41D;-&#x41F;-22-029195</subfield>
    <subfield code="9">&#x41A;&#x41D;-&#x41F;-22-2498</subfield>
  </datafield>
  <datafield tag="035" ind1=" " ind2=" ">
    <subfield code="a">(NLR Aleph) 012849978</subfield>
  </datafield>
  <datafield tag="035" ind1=" " ind2=" ">
    <subfield code="a">(RuMoRGB)011065231</subfield>
  </datafield>
  <datafield tag="090" ind1=" " ind2=" ">
    <subfield code="a">12424218</subfield>
    <subfield code="c">12424218</subfield>
  </datafield>
  <datafield tag="100" ind1=" " ind2=" ">
    <subfield code="a">20220719d2021    u  y0rusy50      ca</subfield>
  </datafield>
  <datafield tag="101" ind1="0" ind2=" ">
    <subfield code="a">rus</subfield>
  </datafield>
  <datafield tag="102" ind1=" " ind2=" ">
    <subfield code="a">RU</subfield>
  </datafield>
  <datafield tag="105" ind1=" " ind2=" ">
    <subfield code="a">y   z   000gy</subfield>
  </datafield>
  <datafield tag="181" ind1=" " ind2="0">
    <subfield code="a">i </subfield>
    <subfield code="b">axxe  </subfield>
  </datafield>
  <datafield tag="182" ind1=" " ind2="0">
    <subfield code="a">n</subfield>
  </datafield>
  <datafield tag="200" ind1="1" ind2=" ">
    <subfield code="a">&#x413;&#x43E;&#x43B;&#x443;&#x431;&#x43E;&#x439; &#x441;&#x432;&#x435;&#x442;</subfield>
    <subfield code="e">[&#x441;&#x442;&#x438;&#x445;&#x438;]</subfield>
    <subfield code="f">&#x41D;&#x438;&#x43A;&#x430; &#x41A;&#x43E;&#x43B;&#x44C;&#x442;</subfield>
  </datafield>
  <datafield tag="203" ind1=" " ind2=" ">
    <subfield code="a">&#x422;&#x435;&#x43A;&#x441;&#x442;</subfield>
    <subfield code="b">&#x432;&#x438;&#x437;&#x443;&#x430;&#x43B;&#x44C;&#x43D;&#x44B;&#x439;</subfield>
    <subfield code="c">&#x43D;&#x435;&#x43F;&#x43E;&#x441;&#x440;&#x435;&#x434;&#x441;&#x442;&#x432;&#x435;&#x43D;&#x43D;&#x44B;&#x439;</subfield>
  </datafield>
  <datafield tag="210" ind1=" " ind2=" ">
    <subfield code="a">&#x421;&#x430;&#x43D;&#x43A;&#x442;-&#x41F;&#x435;&#x442;&#x435;&#x440;&#x431;&#x443;&#x440;&#x433;</subfield>
    <subfield code="c">&#x421;&#x43A;&#x438;&#x444;&#x438;&#x44F;</subfield>
    <subfield code="d">2021</subfield>
  </datafield>
  <datafield tag="215" ind1=" " ind2=" ">
    <subfield code="a">98, [1] &#x441;.</subfield>
    <subfield code="d">22</subfield>
  </datafield>
  <datafield tag="300" ind1=" " ind2=" ">
    <subfield code="a">&#x41D;&#x430; 4-&#x439; &#x441;. &#x43E;&#x431;&#x43B;. &#x430;&#x432;&#x442;.: &#x41D;&#x438;&#x43A;&#x430; &#x41A;&#x43E;&#x43B;&#x44C;&#x442; - &#x415;&#x43A;&#x430;&#x442;&#x435;&#x43A;&#x440;&#x438;&#x43D;&#x430; &#x411;&#x43E;&#x440;&#x438;&#x441;&#x43E;&#x432;&#x43D;&#x430; &#x411;&#x435;&#x43B;&#x43E;&#x443;&#x441;&#x43E;&#x432;&#x430;</subfield>
  </datafield>
  <datafield tag="327" ind1="1" ind2=" ">
    <subfield code="a">&#x421;&#x43E;&#x434;&#x435;&#x440;&#x436;.: &#x446;&#x438;&#x43A;&#x43B;&#x44B;: "&#x41E;&#x441;&#x43A;&#x43E;&#x43B;&#x43A;&#x438; &#x43C;&#x435;&#x447;&#x442;&#x44B;" (2010-2011); "&#x412;&#x441;&#x435;&#x43B;&#x435;&#x43D;&#x43D;&#x430;&#x44F;" (2000-2003); "&#x422;&#x430;&#x43D;&#x433;&#x43E; &#x432;&#x43E;&#x43A;&#x440;&#x443;&#x433; &#x43B;&#x44E;&#x431;&#x432;&#x438;" (2011-2013); "&#x411;&#x43E;&#x441;&#x430;&#x44F; &#x420;&#x43E;&#x441;&#x441;&#x438;&#x44F;" (2001-2002); "&#x428;&#x442;&#x43E;&#x440;&#x43C;&#x43E;&#x432;&#x430;&#x44F; &#x434;&#x443;&#x448;&#x430;" (2013-2015); "&#x411;&#x435;&#x437;&#x434;&#x43D;&#x430;" (1196-1999); "&#x414;&#x443;&#x448;&#x430; &#x420;&#x43E;&#x441;&#x441;&#x438;&#x438;" (1998); "&#x413;&#x43B;&#x443;&#x431;&#x43E;&#x439; &#x441;&#x432;&#x435;&#x442;" (1999); "&#x421;&#x43C;&#x435;&#x440;&#x442;&#x44C; &#x434;&#x435;&#x442;&#x441;&#x442;&#x432;&#x430;"; "&#x41F;&#x443;&#x442;&#x44C;" (2006); "&#x41D;&#x435;&#x432;&#x435;&#x441;&#x442;&#x438;&#x43D;&#x430; &#x442;&#x440;&#x43E;&#x43F;&#x430;" (2005)</subfield>
  </datafield>
  <datafield tag="330" ind1=" " ind2=" ">
    <subfield code="a">&#x41F;&#x43E;&#x44D;&#x437;&#x438;&#x44F; &#x41D;&#x438;&#x43A;&#x438; &#x41A;&#x43E;&#x43B;&#x44C;&#x442; - &#x44D;&#x442;&#x43E; &#x440;&#x430;&#x437;&#x433;&#x43E;&#x432;&#x43E;&#x440; &#x434;&#x443;&#x448;&#x438; &#x441; &#x430;&#x43D;&#x433;&#x435;&#x43B;&#x430;&#x43C;&#x438;. &#x421;&#x442;&#x438;&#x445;&#x438; &#x43C;&#x435;&#x43B;&#x43E;&#x434;&#x438;&#x447;&#x43D;&#x44B;, &#x43A;&#x430;&#x43A; &#x43F;&#x435;&#x441;&#x43D;&#x44F; &#x438;&#x43B;&#x438; &#x43C;&#x435;&#x434;&#x438;&#x442;&#x430;&#x446;&#x438;&#x44F;. &#x410;&#x432;&#x442;&#x43E;&#x440; &#x43E;&#x43F;&#x440;&#x435;&#x434;&#x435;&#x43B;&#x44F;&#x435;&#x442; &#x438;&#x445; &#x43A;&#x430;&#x43A; &#x43C;&#x43E;&#x43B;&#x438;&#x442;&#x432;&#x44B;. &#x42D;&#x442;&#x43E; &#x43E;&#x442;&#x43A;&#x440;&#x43E;&#x432;&#x435;&#x43D;&#x43D;&#x44B;&#x439; &#x440;&#x430;&#x437;&#x433;&#x43E;&#x432;&#x43E;&#x440; &#x441; &#x441;&#x43E;&#x431;&#x43E;&#x439;, &#x437;&#x430;&#x441;&#x442;&#x430;&#x432;&#x43B;&#x44F;&#x44E;&#x449;&#x438;&#x439; &#x437;&#x430;&#x434;&#x443;&#x43C;&#x430;&#x442;&#x44C;&#x441;&#x44F; &#x438; &#x432;&#x437;&#x433;&#x43B;&#x44F;&#x43D;&#x443;&#x442;&#x44C; &#x432; &#x441;&#x430;&#x43C;&#x44B;&#x435; &#x43F;&#x43E;&#x442;&#x430;&#x435;&#x43D;&#x43D;&#x44B;&#x435; &#x433;&#x43B;&#x443;&#x431;&#x438;&#x43D;&#x44B; &#x441;&#x432;&#x43E;&#x435;&#x439; &#x434;&#x443;&#x448;&#x438;, &#x437;&#x430;&#x434;&#x430;&#x442;&#x44C; &#x435;&#x439; &#x432;&#x430;&#x436;&#x43D;&#x44B;&#x435; &#x432;&#x43E;&#x43F;&#x440;&#x43E;&#x441;&#x44B; &#x438;, &#x432;&#x43E;&#x437;&#x43C;&#x43E;&#x436;&#x43D;&#x43E;, &#x43F;&#x43E;&#x43B;&#x443;&#x447;&#x438;&#x442;&#x44C; &#x43D;&#x430; &#x43D;&#x438;&#x445; &#x43E;&#x442;&#x432;&#x435;&#x442;&#x44B;</subfield>
  </datafield>
  <datafield tag="333" ind1=" " ind2=" ">
    <subfield code="a">12+</subfield>
  </datafield>
  <datafield tag="675" ind1=" " ind2=" ">
    <subfield code="a">821.161.1-1</subfield>
    <subfield code="v">4</subfield>
  </datafield>
  <datafield tag="686" ind1="2" ind2=" ">
    <subfield code="a">&#x428;6(2=&#x420;)6-5</subfield>
  </datafield>
  <datafield tag="700" ind1=" " ind2="1">
    <subfield code="a">&#x41A;&#x43E;&#x43B;&#x44C;&#x442;</subfield>
    <subfield code="b">&#x41D;.</subfield>
    <subfield code="f">1983-</subfield>
    <subfield code="g">&#x41D;&#x438;&#x43A;&#x430;</subfield>
    <subfield code="3">RU\NLR\AUTH\770247134</subfield>
  </datafield>
  <datafield tag="942" ind1=" " ind2=" ">
    <subfield code="c">BOOK</subfield>
  </datafield>
  <datafield tag="980" ind1=" " ind2=" ">
    <subfield code="a">NB</subfield>
  </datafield>
  <datafield tag="995" ind1=" " ind2=" ">
    <subfield code="5">2022-07-19</subfield>
    <subfield code="a">ad</subfield>
    <subfield code="b">NLR01</subfield>
    <subfield code="c">NLR01</subfield>
    <subfield code="e">RF81</subfield>
    <subfield code="f">1-3907989</subfield>
    <subfield code="k">2022-6/830</subfield>
    <subfield code="o">0</subfield>
    <subfield code="r">BOOK</subfield>
    <subfield code="s">20226830_</subfield>
  </datafield>
  <datafield tag="995" ind1=" " ind2=" ">
    <subfield code="5">2022-07-19</subfield>
    <subfield code="a">ad</subfield>
    <subfield code="b">NLR01</subfield>
    <subfield code="c">NLR01</subfield>
    <subfield code="e">RF81</subfield>
    <subfield code="f">1-3907990</subfield>
    <subfield code="k">2022-6/830</subfield>
    <subfield code="o">0</subfield>
    <subfield code="r">BOOK</subfield>
    <subfield code="s">20226830_</subfield>
  </datafield>
</record>
